Jedna soška - dvě hypotézy

Titel: Jedna soška - dvě hypotézy
Verfasser:
In: Orbis artium, (2009), Seite 117-127
alle Artikel anzeigen
Veröffentlicht: 2009
Format: Aufsatz
Sprache: Tschechisch
Kein Bild verfügbar
X
alg: 39340566
001A    $01999:12-11-16 
001B    $01999:28-04-17 $t15:50:14.000 
001D    $01999:12-11-16 
001U    $0utf8 
001X    $00 
002@    $0Aox 
003@    $0393405664 
007A    $0393405664 $aHEB 
007T    $0Herdpp168195 
010@    $acze 
011@    $a2009 
021A    $aJedna soška - dvě hypotézy 
028A    $aBukovinská $dBeket 
031A    $h117-127 $j2009 
037A    $aRés. angl. s. 124-125: One Statuette - Two Hypotheses 
039B    $aIn $8--Aau--. @Orbis artium. - Brno : Masarykova univerzita, 2009. - 846, [1] S.. - Ill. - ISBN 978-80-210-4972-7 $x200900000000000883 $9222799129 

lok: 39340566 78

exp: 39340566 78 1 #EPN
201B/01 $019-10-20 $t23:00:19.000 
201U/01 $0utf8 
203@/01 $078951608X 
208@/01 $a12-11-16 $be 
209A/01 $a/ $f000 $x00 
220C/01 $aHerkunft: Hú Av Čr Praha 
244Z/01 $#Tschechien $#Tschechische Republik $#Tschechische Republik $#Tschechenland $#Tschechei Tschechien $#Česká Republika $#Czech Republic $#ČR $74303381-7 $8--Tg1--Tschechien $x01 $9086659812 
244Z/01 $2Trx $#Böhmen $#Bohemia $#Czechy $8--Trx--Čechy $x02 $9391188941 
244Z/01 $#Rudolff  II. $#Rudolph  II. $#Rudolphus  II. $#Rudolphus  II. $#Rudolphus  II. $#Rudolphus  II. $#Rudolf  $#Rudolf  $#Rudolf  $#Kaiser Rudolf II. $#Rudolf  II. $#Rudolf  II $#Rudolf  II $#Rudolph  II $#Rudolph  II $#Rudolph  II $#Rudolf  $#Rudolf  $#Rudolf  $#Habsburg, Rudolf von Kaiser des Römisch-deutschen Reiches $#Habsburg, Rudolf von Empereur de l'Empire Romain-Germanique $#Habsburg, Rudolf von Emperor of the Roman-German Empire $#Rodolphe  II $#Rodolphe  II $#Rodolphe  II $#Rudolf  $#Rudolf  II $#Kaiser Rudolf II. $#Rudolphus  $7118603701 $8--Tp1--$PRudolf$nII.$lHeiliges Römisches Reich, Kaiser$Z1552-1612 $x03 $9086944681 
244Z/01 $asbírky umělecké $x04 
244Z/01 $aplastiky $x05 
244Z/01 $2Trx $#kunstiajalugu teadus $#meno istorija mokslas $#art history $#müvészettörténet tudomány $#historia sztuki nauka $#dejiny umenia náuka $#dějiny umění nauka $8--Trx--Kunstgeschichte$gWissenschaft $x06 $9391363522 
244Z/01 $2Trx $8--Trx--Einzelbeiträge $x07 $9391384570 
247C/01 $82080>Marburg/Lahn, Herder-Institut, Forschungsbibliothek, Bibliographieportal $9336309341
LEADER 00000caa a22000002c 4500
001 393405664
003 DE-603
005 20170428155014.0
007 tu
008 161112s2009 xx |||| | u00||u|cze c
035 |a (DE-599)HEB393405664 
040 |a DE-603  |b ger  |c DE-603  |d DE-603 
041 |a cze 
100 1 |a Bukovinská, Beket 
245 0 0 |a Jedna soška - dvě hypotézy 
264 0 |c 2009 
500 |a Rés. angl. s. 124-125: One Statuette - Two Hypotheses 
773 0 8 |i In  |t Orbis artium  |d Brno : Masarykova univerzita, 2009  |h 846, [1] S., Ill  |z 9788021049727  |z 8021049723  |g (2009), Seite 117-127  |w (DE-603)222799129 
924 0 |9 2080  |a (DE-603)78951608X  |b DE-2080  |c HES  |d d  |g /